000 01890nam a22003137a 4500
005 20101206113148.0
008 101206t xxu||||| |||| 00| 0 hin d
010 _aHIN-91429
020 _c1840.00 (सैट)
035 _aHN-63775
037 _bDBAD/PUB
040 _aDPL
_bHN
082 _a306
100 _924598
245 _aकला पद्धतिः
_cज्योतिष जोशी द्वारा संपादित
_bपिछले सौ वर्षों में कला पर प्रकाशित निबन्धों से एक चयन /
246 _aKala paddhati
_bEd by Joyotish Joshi
260 _aदिल्ली
_bयश पब्लिकेशन्स
_c2010
270 _bदिल्ली
_aX/909, चाँद मोहल्ला, गांधी नगर
_e110031
_k011- 22822514
_myash_publication@hotmail.com
300 _a369पृ.
_c22सेमी (सजिल्द)
490 _aभारतीय कला चिन्तन-तीन
_926534
500 _aइण्डिया फाउण्डेशन फॉर द आर्टस (आइफा) की परियोजना (2007-09) पर किया गया कार्य
500 _aसमान ISBN 8189537822 (सैट) शीर्षक कला विचार एवं कला परम्परा
500 _aतीन पुस्तकों का कला विचार, कला परम्परा एवं कला पद्धति का सैट मूल्य 1840.00 है
650 _91169
700 _924599
_aजोशी, ज्योतिष
700 _924924
942 _2ddc
_cHN
_mकलाप
_h306
999 _c49616
_d49616